[Event "NC Open 2009"]
[Site "?"]
[Date "2009.11.01"]
[Round "4"]
[White "Schroer, Jonathan"]
[Black "Simpson, Ron"]
[Result "1-0"]
[WhiteElo "2429"]
[BlackElo "2304"]
[Annotator "Rybka 3 (120s)"]
[PlyCount "53"]
[SourceDate "2006.11.11"]

{A60: Modern Benoni: Early Divergences} 1. d4 Nf6 2. c4 e6 3. Nf3 c5 4. d5 (4.
e3 d5 $11) 4... exd5 (4... b5 5. dxe6 fxe6 6. cxb5 $11) 5. cxd5 d6 {Covers e5}
6. Nc3 Be7 7. h3 {Secures g4} (7. e4 a6 $14) 7... Na6 (7... a6 8. e4 $14) 8. e4
Nc7 (8... O-O 9. Bd3 $16) 9. a4 {Black has a cramped position} (9. Bd3 O-O $16)
9... O-O {Black castles and improves king safety} 10. Bc4 {
Black has a cramped position} Re8 11. O-O Rb8 (11... Nd7 12. Bf4 $16) 12. Re1 {
White plans e5} b6 $2 (12... a6 $142 $16) 13. e5 $18 Nd7 14. Ne4 Bf8 (14... b5
15. Ba2 Bf8 16. Nxd6 Nxe5 17. Nxe8 (17. Rxe5 $6 Bxd6 18. Rxe8+ Qxe8 $11) (17.
Nxe5 $6 Rxe5 18. Rxe5 Bxd6 $16) 17... Nxf3+ 18. Qxf3 (18. gxf3 $6 Nxe8 19. axb5
Nd6 $14) 18... Nxe8 19. axb5 $18) 15. Bg5 f6 16. exd6 Na6 17. Bd2 Nb4 $2 (17...
Rxe4 18. Rxe4 Bxd6 $18) 18. Bxb4 cxb4 19. Nd4 Rxe4 (19... f5 {is not much help}
20. Nc6 fxe4 21. Nxd8 Rxd8 22. Rxe4 Bxd6 23. Re3 $18) 20. Nc6 (20. Rxe4 $142 $5
{seems even better} Bxd6 21. Nc6 Qf8 22. Nxb8 Nxb8 $18) 20... Qe8 21. Ne7+ $1 {
Decoy: e4} Bxe7 (21... Kh8 {does not save the day} 22. Rxe4 Nc5 23. Re1 $18)
22. Rxe4 Ne5 (22... Nc5 {doesn't get the bull off the ice} 23. Re1 $18 (23.
dxe7 $6 {is easily refuted} Nxe4 24. d6+ Kh8 $16)) 23. Rxe5 fxe5 24. dxe7 Bd7 (
24... Kh8 {cannot change destiny} 25. d6 Bb7 26. Qg4 $18) 25. d6+ Kh8 26. Bb5
$1 {Decoy: b5} Rc8 (26... Bxb5 27. Qd5 {Double attack} (27. Qd5 {Decoy})) 27.
Rc1 (27. Rc1 Rc4 28. Rxc4 Be6 29. Bxe8 g5 30. Bb5 Bf7 31. d7 Be6 32. e8=Q+ Kg7
33. d8=Q Bf7 34. Qxg5+ Bg6 35. Qdd7#) 1-0

[Event "NC Open 2009"]
[Site "?"]
[Date "2009.11.01"]
[Round "3"]
[White "Potter, John Russell"]
[Black "Schroer, Jonathon"]
[Result "1/2-1/2"]
[WhiteElo "2210"]
[BlackElo "2450"]
[Annotator "Rybka 3 (120s)"]
[PlyCount "80"]
[SourceDate "2006.11.11"]

{E81: King's Indian: Sämisch: 6th move deviations (including 6 Be3 c6)} {
(EDITOR's Note  This game was orginally transcribed with an ERROR in the score
11.Qc2?? which led to several other problems with Rybka's analysis.  While the
original scoresheet was unclear, this editor should have realized that two
players of this caliber would not have made so many gross mistakes.  Apologies
extended and lesson learned!)} 1. d4 Nf6 2. c4 g6 3. Nc3 Bg7 4. e4 d6 5. f3 {
Consolidates g4} (5. h3 O-O $11) 5... O-O 6. Be3 c5 (6... Nfd7 $5 $11) 7. dxc5
$14 dxc5 8. Bxc5 (8. Qxd8 Rxd8 9. Bxc5 Nc6 $14) 8... Nc6 (8... Qc7 9. Ba3 $11)
9. Be3 (9. Qxd8 Rxd8 (9... Nxd8 $2 10. Bxe7 Re8 11. Ba3 $18) 10. Ba3 b6 $11)
9... Qa5 (9... Qc7 10. Qb3 $11) 10. Nge2 (10. Qa4 Qxa4 11. Nxa4 Nb4 $11) 10...
Rd8 $11 {Black threatens to win material: Rd8xd1} 11. Qc1 Nd7 12. Kf2 {
White loses the right to castle} Nc5 13. Nf4 Ne5 (13... b6 14. Rb1 e6 15. Be2
$11) 14. Ncd5 {White threatens to win material: Nd5xe7} Ne6 $2 (14... e6 15. b4
Nxe4+ 16. fxe4 $14) 15. Be2 (15. Nxe7+ $142 $5 Kh8 16. Qe1 $16) 15... Nxf4 $14
16. Bxf4 e6 {Black threatens to win material: e6xd5} 17. Nc3 (17. Bd2 $142 $5
Qa6 18. Ne3 $14) 17... Nxc4 $11 18. Bxc4 {White wins a piece} Qc5+ 19. Be3 Qxc4
20. Rd1 {White threatens to win material: Rd1xd8} Bd7 21. Qd2 Qc7 {
Black threatens to win material: Qc7xh2} 22. Bf4 Qb6+ 23. Be3 {
White threatens to win material: Be3xb6} Qc7 24. Qd6 Qxd6 25. Rxd6 Bc6 26. Rad1
Rxd6 27. Rxd6 h5 28. Rd1 Kf8 29. Bd4 Bxd4+ 30. Rxd4 e5 {
Black threatens to win material: e5xd4} 31. Rd2 a5 32. Ke3 f6 33. Nd5 {
White threatens to win material: Nd5xf6. A classical outpost} Kf7 34. a4 Ra6
35. b3 {Secures a4} b5 36. axb5 Bxb5 37. Ra2 a4 38. bxa4 Rxa4 39. Rxa4 Bxa4 40.
h4 Bc6 1/2-1/2

[Event "NC Open 2009"]
[Site "?"]
[Date "2009.10.31"]
[Round "2"]
[White "Schroer, Jonathon"]
[Black "Erb, David"]
[Result "1-0"]
[WhiteElo "2017"]
[BlackElo "2429"]
[Annotator "Rybka 3 (120s)"]
[PlyCount "55"]
[SourceDate "2006.11.11"]

{A33: Symmetrical English: 2 Nf3 Nf6 3 d4 cxd4 4 Nxd4 e6 5 Nc3 Nc6} 1. d4 Nf6
2. c4 e6 (2... c5 3. d5 $11) 3. g3 (3. Nf3 Nc6 $11) 3... c5 (3... Bb4+ 4. Bd2
Bxd2+ 5. Qxd2 $11) 4. Nf3 cxd4 5. Nxd4 Nc6 6. Bg2 Bb4+ (6... Qb6 7. Nxc6 dxc6
8. Qb3 $11) 7. Nc3 O-O 8. O-O Bxc3 9. bxc3 d5 10. cxd5 exd5 {
Black has an active position} 11. Bg5 Be6 12. Rb1 {
White threatens to win material: Rb1xb7} (12. Qb3 Qe7 $14) 12... Na5 (12...
Nxd4 13. cxd4 b6 14. a4 $14) 13. Rb5 b6 14. Bxf6 Qxf6 15. Bxd5 Bxd5 (15... Rac8
16. Qd3 $14) 16. Rxd5 $16 Rac8 17. Qd3 Nc4 18. Nf5 (18. Rb1 g6 $16) 18... Rfe8
19. Rc1 g6 {Black threatens to win material: g6xf5} 20. Nh6+ Kg7 $4 {
causes further problems for ?} (20... Kf8 $142 $16) 21. Ng4 $18 Qe6 22. Qd4+ f6
(22... Kf8 {doesn't change anything anymore} 23. Nf6 h5 24. Nxe8 Qxe8 25. Rd1
$18) 23. Rd7+ (23. Nxf6 $142 {secures victory} Kf7 24. Nxe8 Rxe8 25. Qxc4 $18)
23... Re7 24. Nxf6 Rxd7 25. Nxd7+ Kf7 26. Rd1 Rc7 $4 {Black falls apart} (26...
Qxe2 27. Qf4+ Kg7 $18) 27. Qf4+ Kg7 (27... Qf5 {doesn't improve anything} 28.
Qxc7 Kg8 29. Qxc4+ Kg7 30. Qd4+ Kg8 31. Nf6+ Kf8 32. Qd8+ Kf7 33. Rd7+ Qxd7 34.
Nxd7 Ke6 35. Nf8+ Kf7 36. Nxh7 g5 37. Nxg5+ Kg6 38. f4 a6 39. Qg8+ Kh5 40. Qh7+
Kg4 41. Qh3#) 28. Qf8# 1-0

[Event "NC Open 2009"]
[Site "?"]
[Date "2009.10.30"]
[Round "1"]
[White "Campbell, William"]
[Black "Schroer, Jonathon"]
[Result "0-1"]
[WhiteElo "1904"]
[BlackElo "2429"]
[Annotator "Rybka 3 (120s)"]
[PlyCount "124"]
[SourceDate "2006.11.11"]

{E72: King's Indian: 4 e4 d6 5 g3} 1. d4 Nf6 2. c4 g6 3. g3 Bg7 4. Bg2 O-O 5.
Nc3 d6 (5... c5 6. Nf3 $11) 6. e4 (6. Nf3 c5 $11) 6... Nc6 (6... c5 7. dxc5
dxc5 8. Qb3 $11) 7. Nge2 e5 8. d5 {White threatens to win material: d5xc6} Nd4
9. O-O c5 10. dxc6 Nxe2+ 11. Qxe2 bxc6 12. Rd1 Qc7 (12... Qe7 13. Be3 $14) 13.
h3 {Covers g4} (13. c5 dxc5 14. Be3 Rd8 $14) 13... a5 (13... Be6 14. Bg5 $11)
14. Be3 (14. Qd3 Rd8 $14) 14... Ba6 15. b3 Rfe8 16. Qc2 Nd7 17. Rd2 (17. Na4
Bf8 $14) 17... Nf8 (17... Nc5 18. Rf1 $11) 18. Ne2 (18. c5 dxc5 19. Na4 Ne6 $14
) 18... Ne6 19. Rad1 c5 {Black has a new backward pawn: d6} 20. Nc3 Nd4 21.
Bxd4 (21. Nd5 Qa7 22. Qd3 Rab8 $11) 21... cxd4 22. Nd5 {
White threatens to win material: Nd5xc7} Qc5 23. a4 {
White has a new backward pawn: b3} (23. Qd3 Bc8 $15) 23... Bb7 24. g4 (24. Rb1
Ra7 $17) 24... Bxd5 25. exd5 Bh6 26. Re2 Rab8 27. Be4 Rb4 28. Rb1 Reb8 29. Qd1
R8b6 (29... Qb6 30. Reb2 $17) 30. Kh1 Qc8 31. Qd3 (31. Bc2 $5 $17) 31... Qb8
$19 32. Reb2 Rxa4 $1 {Deflection: b3} 33. bxa4 Rxb2 34. Rxb2 Qxb2 35. Qc2 Qa3
36. Kg2 Bf4 37. Qd1 Kf8 38. Qc2 Ke7 (38... Bg5 39. Bd3 $19) 39. Qd1 (39. h4 h6
$17) 39... Kd7 (39... Bg5 $5 $19) 40. Qb1 $17 Qb4 (40... Qxa4 {
is the less attractive alternative} 41. Qb7+ Kd8 42. Qb8+ Kd7 43. c5 dxc5 44.
d6 $18) 41. Qxb4 axb4 42. Bc2 Kc7 43. Kf3 Kb6 44. Ke2 (44. Ke4 h5 $17) 44...
Bg5 (44... b3 $142 $5 45. Bxb3 e4 $19) 45. f3 Kc5 46. Bb3 Bd8 47. Kd3 f5 48.
Ba2 $4 {causes even greater problems} (48. gxf5 $142 gxf5 49. Ba2 $17) 48...
e4+ $1 $19 {puts the final touch} 49. fxe4 fxg4 50. hxg4 h5 51. gxh5 (51. Bb3 {
hardly improves anything} h4 $19) 51... gxh5 52. Bb3 (52. Ke2 {
cannot change what is in store for ?} h4 $19) 52... h4 53. Bd1 h3 54. Bg4 h2
55. Bf3 b3 56. Bh1 Ba5 57. Bg2 Bc3 (57... b2 58. Ke2 b1=Q 59. e5 d3+ 60. Kf3 d2
61. Kf4 d1=Q 62. Be4 dxe5+ 63. Kf5 Qf3+ 64. Ke6 Qbxe4 65. Ke7 Qh7+ 66. Ke6
Qff5#) 58. Bf3 (58. a5 b2 59. Ke2 b1=Q 60. a6 d3+ 61. Ke3 Qe1+ 62. Kf3 Qe2+ 63.
Kf4 Qxg2 64. Kf5 h1=Q 65. e5 Qh7+ 66. Kf6 Qgg6#) 58... b2 59. Kc2 (59. Ke2 {
is not much help} b1=Q 60. Bg2 d3+ 61. Kf3 h1=Q 62. Bxh1 Qxh1+ 63. Kg4 d2 64.
Kf5 d1=Q 65. e5 Qh7+ 66. Kg5 Qg7+ 67. Kf5 Qdg4#) 59... d3+ $1 {forces the win}
60. Kb1 (60. Kxd3 b1=Q+ {Promotion}) 60... d2 61. Kc2 b1=Q+ $1 {Decoy: a3} 62.
Kxb1 (62. Kxb1 Bb4 {Decoy} (62... h1=Q+ {Mate attack})) 62... d1=Q+ $1 {
Deflection: h1} (62... d1=Q+ 63. Bxd1 h1=Q 64. Kc2 Qe1 65. Kb3 Bf6 66. e5 Qxd1+
67. Ka3 Bxe5 68. a5 Kxc4 69. Ka2 Qb3#) 0-1

[Event "NC Open 2009"]
[Site "?"]
[Date "2009.11.01"]
[Round "5"]
[White "Hales, William"]
[Black "Newsom, Gary"]
[Result "1/2-1/2"]
[WhiteElo "1178"]
[BlackElo "2016"]
[Annotator "Rybka 3 (120s)"]
[PlyCount "92"]
[SourceDate "2006.11.11"]

{C06: French Tarrasch: 3...Nf6 4 e5 Nfd7 5 Bd3 main lines} 1. e4 e6 2. d4 d5 3.
Nd2 (3. exd5 exd5 4. Bd3 Nf6 $11) 3... Nf6 {
Black threatens to win material: Nf6xe4} 4. e5 {
White threatens to win material: e5xf6} Nfd7 {
Black has a cramped position. Black's piece can't move: c8} 5. Ngf3 c5 {
Black undermines the pawn chain} 6. c3 Nc6 7. Bd3 g6 {Controls f5} 8. O-O Bg7
9. Re1 O-O 10. Nf1 (10. Qe2 a6 $11) 10... cxd4 11. cxd4 f6 (11... Qb6 12. Qa4
$11) 12. exf6 $11 Nxf6 {Black has a new backward pawn: e6} 13. Bb5 {
White has a very active position} Ne4 {Attacking the isolated pawn on d4} 14.
Be3 (14. Bxc6 bxc6 15. Ng3 Rb8 $11) 14... Bd7 15. Bd3 (15. Ng3 a6 16. Be2 Nd6
$11) 15... Nf6 {White has an active position} 16. h3 {
White has a very active position} Nh5 (16... Qb6 17. Ne5 $11) 17. N1h2 Nf4 (
17... Qb6 18. Ng4 $14) 18. Bf1 Rc8 19. Qd2 (19. Ng4 Nh5 $14) 19... Nh5 (19...
Qf6 20. g3 Nh5 21. Bg5 $14) 20. Ng4 $14 Qb6 {
The pressure on the isolated pawn grows} (20... Nf6 21. Nxf6+ Bxf6 22. Rac1 $14
) 21. Red1 {White has an active position} (21. Nfe5 Nxe5 22. dxe5 Qc7 $16)
21... Nb4 (21... Nf6 22. Nxf6+ Rxf6 23. Rac1 $14) 22. a3 (22. Bh6 Qd6 $16)
22... Nc6 (22... Nc2 23. Rac1 Nxe3 24. Qxe3 $14) 23. Nge5 {
White threatens to win material: Ne5xd7} Qd8 (23... Nxe5 24. dxe5 (24. Nxe5
$143 Bb5 $11) 24... Qc7 25. Rac1 $16) 24. Bh6 (24. Rac1 Bf6 $16) 24... Nxe5 25.
Nxe5 {White has an active position. A sound move} Ba4 (25... Bxh6 26. Qxh6 Rc2
27. Rd2 $14) 26. Bxg7 Kxg7 (26... Nxg7 27. Rdc1 $16) 27. Rdc1 $16 Nf6 (27...
Rxc1 28. Rxc1 Nf6 29. Qb4 $16) 28. Qb4 (28. Rxc8 $5 Qxc8 29. Rc1 $16) 28... Bc6
$16 29. Bd3 (29. Rc2 a5 30. Qb3 Nd7 $16) 29... Nh5 (29... Nd7 $5 $14) 30. Qd2 (
30. Rc2 Kg8 $16) 30... Nf4 31. Bf1 Qg5 (31... Kg8 32. Qe3 Rc7 33. Nxc6 bxc6 34.
Rc2 $16) 32. Qe3 Bb5 $2 (32... Qd8 $142 $16) 33. Ng4 $4 {
a weak move, ruining a winning position} (33. Rxc8 $142 {
makes sure everything is clear} Bxf1 34. Rc7+ (34. Kxf1 $143 Qxg2+ 35. Ke1 Rxc8
36. Qxf4 Rf8 $15) 34... Kg8 35. Ng4 Bxg2 36. Qe5 Nxh3+ 37. Kh2 Qf4+ 38. Qxf4
Nxf4 39. Rxb7 $18) 33... Bxf1 $11 34. Kxf1 h5 35. Qe5+ Qxe5 36. Nxe5 {
A classical outpost} (36. dxe5 $4 hxg4 37. Rab1 gxh3 38. gxh3 Nxh3 $19) 36...
g5 37. b4 Rfd8 38. Rc5 b6 39. Rc6 Rxc6 40. Nxc6 Rd7 41. b5 Rc7 42. Re1 Kf6 43.
Re3 a5 $4 {weakening the position} (43... a6 $142 {was necessary} 44. a4 Rc8
$11) 44. Rf3 $18 Kg7 45. h4 $1 {Deflection: h4} Kg6 (45... gxh4 46. g3 {
Double attack} (46. Rxf4 {Deflection}) (46. g3 {Decoy})) 46. g3 Nh3 {HALES:  Ex
hausted at the end of a tournament, I accepted Gary's draw offer here knowing
that I had good chances to win.  (It turns out chances were better than my
estimate at the time).  In hindsight, this was a mistake with plenty of time
left on my clock.  Hopefully, a lesson learned.} 1/2-1/2

[Event "NC Open 2009"]
[Site "?"]
[Date "2009.11.01"]
[Round "4"]
[White "Meyers, Dominique"]
[Black "Hales, William"]
[Result "1-0"]
[WhiteElo "1987"]
[BlackElo "1789"]
[Annotator "Rybka 3 (120s)"]
[PlyCount "105"]
[SourceDate "2006.11.11"]

{B01: Scandinavian Defence} 1. e4 d5 2. exd5 Nf6 {
Black threatens to win material: Nf6xd5} 3. Nf3 Nxd5 4. d4 Bf5 5. a3 {
Black has a cramped position. Black's piece can't move: f8.  HALES:  Rub it in,
Rybka.} e6 {White has an active position} 6. c4 {
White threatens to win material: c4xd5} Nf6 7. Nc3 c6 {
White has an active position} (7... Bd6 8. Bd3 $14) 8. Bd3 (8. Nh4 Bg4 9. Qb3
Qc7 $14 (9... Qxd4 $143 10. Qxb7 Qb6 11. Qc8+ Qd8 12. Qxd8+ Kxd8 13. h3 $16))
8... Bg4 {Black has a cramped position} (8... Bxd3 9. Qxd3 Bd6 10. O-O $11) 9.
Be2 (9. Be3 Qc7 $14) 9... Qc7 {White has a very active position} 10. O-O Nbd7
11. Re1 Be7 (11... Rd8 12. h3 Bxf3 13. Bxf3 $14 (13. gxf3 $143 Bd6 $15)) 12.
Be3 (12. h3 Bxf3 13. Bxf3 O-O $14) 12... Rd8 13. b4 {
White has an active position} O-O {Black castles and improves king safety} 14.
Qb3 a6 {Covers b5} 15. Ne5 {HALES:  This piece trade baits me for a tactic,
but I failed to notice that the tactic didn't work.  See variation below with
17...Bd6.} (15. h3 Bh5 $11) 15... Bxe2 $11 ({Worse is} 15... Nxe5 16. dxe5 Qxe5
17. Bb6 Bxe2 18. Rxe2 $14) (15... Nxe5 16. dxe5 Qxe5 17. Bb6 Bd6) 16. Rxe2 Nxe5
17. dxe5 {Black has a cramped position} Ng4 {
Black threatens to win material: Ng4xe5} ({Not} 17... Qxe5 18. Bb6 Qf4 19. Bxd8
Bxd8 20. Na4 $16) 18. Bf4 {Black has a cramped position} Bf6 (18... Rd4 19. Re4
Rfd8 20. h3 $15) 19. Rae1 $11 g5 {Black threatens to win material: g5xf4  
HALES:  An ugly but interesting idea.  Better would have been 19...Rd4  20.g3 .
..g5!} (19... Rd4 20. g3 Be7 21. h3 $11) 20. Bg3 $14 Bg7 (20... Be7 21. Ne4 Nh6
22. Nd6 $14) 21. Qc2 Rd4 22. Ne4 Qe7 23. Nd2 Rfd8 (23... h5 24. Nf3 Rd7 25. Qc1
$14) 24. Nf3 {White threatens to win material: Nf3xd4} (24. Nb3 $5 Rd3 25. f3
$16) 24... Rd3 $14 {Black threatens to win material: Rd3xa3} 25. h4 {
White threatens to win material: h4xg5} (25. Qc1 a5 $14) 25... Nh6 {
HALES:  Dropping a pawn but gaining a knight-post.} 26. Nxg5 (26. hxg5 Nf5 27.
Bf4 Rxa3 $14) 26... Nf5 $11 27. Bf4 h6 {Black threatens to win material: h6xg5}
(27... Rxa3 $2 {would be great except for} 28. g4 Qxb4 29. Rb1 $18) ({
Inferior is} 27... Nxh4 28. Rd2 Rxd2 29. Qxh7+ (29. Bxd2 $6 Ng6 $11) 29... Kf8
30. Bxd2 Nxg2 31. Kxg2 Rxd2 32. Qh4 $18) 28. Ne4 Rxa3 29. Rd2 Rxd2 (29... Nxh4
$2 {doesn't work because of} 30. Rxd8+ Qxd8 31. Rd1 $18) 30. Qxd2 Rb3 $4 {
Black is ruining his position.  HALES:  I considered Qxh4, but making the time
control here had something to do with this blunder.} (30... Qxh4 $142 {
and Black could well hope to play on} 31. Nf6+ Bxf6 32. exf6 Qh5 $11) 31. Nc5
$18 Ra3 32. Qb2 Qxh4 33. g3 $4 {gives the opponent new chances} (33. Re4 b6 34.
Qxa3 bxc5 $18) 33... Nxg3 $4 {letting the wind out of his own sails.  HALES: 
I think both Dominique and I can be forgiven for missing that 33.Qh3! makes
the rook on a3 a poison morsel.  See variation below.  UNBELIEVABLE!!!} (33...
Qh3 $142 {and Black hangs on} 34. Rd1 (34. Qxa3 $4 Nh4 $1) 34... Rf3 35. Rd8+
Kh7 $11) 34. fxg3 (34. Bxg3 Rxg3+ 35. fxg3 Qxg3+ 36. Kf1 Qf4+ 37. Qf2 Qxc4+ 38.
Kg2 b6 $18) 34... Rxg3+ 35. Bxg3 Qxg3+ 36. Kf1 Qf4+ 37. Kg2 $4 {
releasing the pressure on the opponent} (37. Qf2 $142 {
and White gets the upper hand} Qxc4+ 38. Kg2 $16) 37... Qg4+ $11 38. Kf2 $4 {
White lets it slip away} (38. Kf1 Qf4+ 39. Qf2 Qxc4+ 40. Kg2 b6 $18) 38... Qf4+
(38... Qh4+ $142 {and Black wins} 39. Kf3 Qxe1 $19) 39. Kg1 $11 {
Black has a cramped position} Qg3+ 40. Kf1 {Twofold repetition} Qf4+ 41. Qf2
Qxc4+ 42. Re2 (42. Kg2 $142 b6 43. Ne4 Qxb4 44. Nd6 Qg4+ 45. Qg3 $18) 42...
Qc1+ $2 {HALES:  My second-dumbest move of the game.  Just take the pawn!} (
42... Bxe5 $142 43. Nxb7 Qc1+ 44. Qe1 Qf4+ 45. Kg1 Bg7 $16) 43. Kg2 $18 Qc4 (
43... b6 44. Nxa6 Qg5+ 45. Qg3 $18) 44. Re4 Qd5 45. Qf4 $4 {
forfeits the advantage.  HALES:  Easy for you to say, Rybka.} (45. Qd4 $142 $5
{seems even better} b5 46. Qxd5 cxd5 47. Re2 $18) 45... b6 (45... a5 $5 46.
Nxb7 axb4 $16) 46. Nb7 c5 47. Nd6 cxb4 48. Qxf7+ Kh7 49. Kh3 (49. Kf2 $142 $16)
49... b3 $4 {cause more grief} (49... Qd1 50. Kh2 Qd2+ 51. Kg3 Qc3+ 52. Kf2
Qd2+ 53. Re2 Qd4+ 54. Re3 Qd2+ 55. Kf3 Qd5+ 56. Kg3 Qd4 $18) 50. Nf5 $1 $18 {
Deflection: e6} Qd3+ (50... exf5 51. Qxd5 {Pinning} (51. Qxd5 {Deflection})) (
50... -- 51. Qxg7# {Mate threat}) 51. Ng3 Qc3 (51... Qd8 {
doesn't get the bull off the ice} 52. Qxe6 b2 53. Qf5+ Kg8 $18) 52. Kh4 (52.
Rg4 $142 {it becomes clear that White will call all the shots} Qxe5 53. Nh5 $18
) 52... b2 $4 {further deteriorates the position.  HALES:  I missed 52...Qd2,
an excellent draw try!} (52... Qd2 $142 $16) 53. Nh5 {HALES:  Send my saddle
home, this cowboy rides the range no longer.  This was a messy, but very
satisfying game of chess.} (53. Nh5 Qg3+ 54. Kxg3 b1=Q 55. Qxg7#) 1-0